000 00910cam a2200277 a 4500
999 _c9719
_d9719
001 9719
003 BD-JhCC
005 20220731134023.0
008 070118s2007 njua b 001 0 eng
020 _a9780470045725 (pbk.)
020 _a0470045728 (pbk.)
035 _a(OCoLC)ocm79256754
035 _a(BD-JhCC)9719
040 _aDLC
_cDLC
_dYDX
_dBAKER
_dBTCTA
_dUKM
_dYDXCP
_dDLC
_dBD-JhCC
041 _aeng
050 0 0 _aRA776
_b.G775 2007
082 0 0 _a613
_222
_bGRA 2007
100 1 _aGrant, Taylor,
_d1963-
245 1 0 _aHealth matters :
_b8 steps that can save your life--and your family's health /
_cTaylor Grant.
246 3 0 _aeight steps that can save your life--and your family's health
260 _aHoboken, N.J. :
_bJohn Wiley & Sons,
_cc2007.
300 _axi, 275 p. :
_bill. ;
_c24 cm.
504 _aIncludes bibliographical references and index.
650 0 _aHealth.
942 _2ddc
_cBK
_02